Score 0/16 Timer 01:30
2 Plays Today
% Correct
Mississippi
81.2%
Montana
69.5%
Minnesota
67.6%
Mississippi
65.2%
Montana
59.9%
Missouri
59.3%
Massachusetts
57.7%
Maryland
57.3%
% Correct
Missouri
50.5%
Maryland
49.1%
Maine
47.1%
Michigan
45.2%
Michigan
34.6%
Massachusetts
33.7%
Maine
30.3%
Minnesota
23.8%

Today's Daily Dose

Remove Ads.
Support Sporcle.
Get the best of Sporcle when you Go Orange. This ad-free experience offers more features, more stats, and more fun while also helping to support Sporcle. Thank you for becoming a member.

You're not logged in!

Compare scores with friends on all Sporcle quizzes.
OR
Log In

Show Comments

Extras

Top Quizzes Today


Score Distribution

Your Account Isn't Verified!

In order to create a playlist on Sporcle, you need to verify the email address you used during registration. Go to your Sporcle Settings to finish the process.

Report this User

Report this user for behavior that violates our Community Guidelines.

Details: